[Event "ROM-ch"]
[Site "Eforie Nord"]
[Date "2024.03.02"]
[Round "9"]
[White "Antal, Hunor Zoltan"]
[Black "Stoleriu, George"]
[Result "1/2-1/2"]
[WhiteElo "2272"]
[BlackElo "2391"]
[PlyCount "205"]
[EventDate "2024.02.24"]
[EventType "swiss"]
[EventRounds "9"]
[EventCountry "ROU"]
[SourceTitle "CB10_2024"]
[SourceDate "2024.03.06"]
[SourceVersion "1"]
[SourceVersionDate "2024.03.06"]
[SourceQuality "1"]

1. c4 Nf6 2. Nf3 g6 3. Nc3 Bg7 4. d4 d6 5. e4 0-0 6. h3 c5 7. d5 e6 8. Bd3 exd5 9. exd5 Re8+ 10. Be3 Nh5 11. 0-0 Rxe3 12. fxe3 Ng3 13. Re1 Nd7 14. Ne2 Nxe2+ 15. Qxe2 Ne5 16. Rab1 a5 17. Rf1 Qe7 18. Bc2 Bd7 19. Nxe5 Bxe5 20. Rf3 Ra6 21. Rbf1 f6 22. a4 Ra8 23. Qd3 b6 24. g4 Qg7 25. R1f2 Qh6 26. b3 Re8 27. Kf1 Kf7 28. Ke1 Ke7 29. Kd1 Kd8 30. Kc1 Qg5 31. Kb1 Kc7 32. Qd2 Kd8 33. Rg2 Kc7 34. Qf2 Bc3 35. h4 Qe5 36. Qg3 Qe7 37. h5 g5 38. h6 Rf8 39. Bd3 Rf7 40. Qf2 Kd8 41. Qc2 Be5 42. Rh3 Bc8 43. Be4 Bd7 44. Qd3 Bc8 45. Kc2 Bd7 46. Bf5 Bxf5 47. Qxf5 Qd7 48. Qe4 Ke8 49. Kd3 Kf8 50. Rf2 Kg8 51. Rf1 Kf8 52. Rhf3 Kg8 53. Rf5 Qe7 54. R1f2 Kf8 55. Ke2 Kg8 56. R5f3 Qd7 57. Kd3 Kf8 58. Rf1 Kg8 59. R3f2 Kf8 60. Qf3 Kg8 61. Qh3 Kf8 62. Rf5 Qe7 63. Qh1 Kg8 64. Qe4 Kf8 65. Ke2 Kg8 66. Kf3 Kf8 67. Kg2 Kg8 68. R5f3 Qd7 69. R3f2 Kf8 70. Rf5 Qe7 71. Re1 Kg8 72. Qd3 Kf8 73. Rf2 Qd7 74. Qe4 Kg8 75. Rg1 Kf8 76. Kf1 Kg8 77. Ke2 Kf8 78. Kd3 Kg8 79. Rgf1 Kf8 80. Rg2 Kg8 81. Qf5 Qxf5+ 82. Rxf5 Kf8 83. Rgf2 Ke7 84. Ke4 Rf8 85. R5f3 Rc8 86. Rf1 Rb8 87. Rf5 Rd8 88. Rd1 Rf8 89. Rd2 Rf7 90. Rf3 Rf8 91. Rdf2 Rc8 92. Rf5 Rd8 93. Kf3 Rc8 94. Re2 Rd8 95. Ke4 Rc8 96. Rf3 Rb8 97. Kf5 Rc8 98. Ke4 Rb8 99. Rd2 Rd8 100. Rf5 Rf8 101. Rdf2 Rc8 102. Rd2 Rf8 103. Rdf2 1/2-1/2

[Event "ROM-ch"]
[Site "Eforie Nord"]
[Date "2024.03.01"]
[Round "8"]
[White "Antal, Hunor Zoltan"]
[Black "Botea, David Alexandru"]
[Result "1-0"]
[WhiteElo "2272"]
[BlackElo "2081"]
[PlyCount "95"]
[EventDate "2024.02.24"]
[EventType "swiss"]
[EventRounds "9"]
[EventCountry "ROU"]
[SourceTitle "CB10_2024"]
[SourceDate "2024.03.06"]
[SourceVersion "1"]
[SourceVersionDate "2024.03.06"]
[SourceQuality "1"]

1. Nf3 d5 2. e3 Nf6 3. c4 e6 4. b3 Be7 5. Bb2 0-0 6. Nc3 dxc4 7. bxc4 c5 8. Be2 b6 9. d3 Nc6 10. 0-0 Bb7 11. Qc2 Rc8 12. Rad1 Qc7 13. Nd2 Ne8 14. f4 f5 15. Nf3 Nd6 16. h3 a6 17. a4 Nf7 18. Ba1 Nb4 19. Qb2 Bf6 20. Qb3 e5 21. Nd5 Bxd5 22. cxd5 Qd6 23. fxe5 Nxe5 24. Bxe5 Bxe5 25. d4 Bf6 26. dxc5 bxc5 27. Nd2 Qd7 28. Nc4 Rcd8 29. a5 g6 30. d6 Kg7 31. Kh1 Qe6 32. Bf3 Be5 33. Bd5 Nxd5 34. Qb7+ Rf7 35. Qxd5 Qxd5 36. Rxd5 Bf6 37. Rb1 Rc8 38. d7 Rd8 39. Rb7 Bc3 40. Nd6 Re7 41. Nc4 Kf8 42. Rc7 Kg7 43. Kg1 Kf6 44. Kf2 Bb4 45. Kf3 h6 46. Rc6+ Re6 47. Rxe6+ Kxe6 48. Rd6+ 1-0

[Event "ROM-ch"]
[Site "Eforie Nord"]
[Date "2024.02.29"]
[Round "7"]
[White "Maksimov, Oleg"]
[Black "Antal, Hunor Zoltan"]
[Result "1/2-1/2"]
[WhiteElo "2186"]
[BlackElo "2272"]
[PlyCount "102"]
[EventDate "2024.02.24"]
[EventType "swiss"]
[EventRounds "9"]
[EventCountry "ROU"]
[SourceTitle "CB10_2024"]
[SourceDate "2024.03.06"]
[SourceVersion "1"]
[SourceVersionDate "2024.03.06"]
[SourceQuality "1"]

1. e4 c5 2. Nf3 Nc6 3. d3 e6 4. g3 d5 5. Nbd2 Nf6 6. Bg2 Be7 7. 0-0 b6 8. exd5 Nxd5 9. Re1 0-0 10. Nc4 Bb7 11. c3 Bf6 12. a4 Qc7 13. a5 Ba6 14. axb6 axb6 15. Bg5 Rfd8 16. Bxf6 Nxf6 17. Nfe5 Nxe5 18. Nxe5 Bb7 19. Rxa8 Rxa8 20. Bxb7 Qxb7 21. Qf3 Qxf3 22. Nxf3 Ra2 23. Rb1 Nd5 24. d4 c4 25. Nd2 b5 26. Ne4 Kf8 27. b3 g5 28. bxc4 bxc4 29. Rb8+ Kg7 30. Rc8 Ra4 31. Kg2 g4 32. Nd6 Ra3 33. h3 h5 34. hxg4 hxg4 35. Rxc4 f5 36. Rc5 Nxc3 37. d5 Nxd5 38. Nxf5+ Kf6 39. Nd4 Ke5 40. Rc4 Ra2 41. Rc2 Rxc2 42. Nxc2 Ke4 43. Ne1 e5 44. f3+ Ke3 45. fxg4 e4 46. Kf1 Kd2 47. Ng2 e3 48. Nxe3 Nxe3+ 49. Kf2 Nxg4+ 50. Kf3 Ne3 51. g4 Nxg4 1/2-1/2

[Event "ROM-ch"]
[Site "Eforie Nord"]
[Date "2024.02.25"]
[Round "2"]
[White "Antal, Hunor Zoltan"]
[Black "Lupulescu, Constantin"]
[Result "1/2-1/2"]
[WhiteElo "2272"]
[BlackElo "2589"]
[PlyCount "32"]
[EventDate "2024.02.24"]
[EventType "swiss"]
[EventRounds "9"]
[EventCountry "ROU"]
[SourceTitle "CB10_2024"]
[SourceDate "2024.03.06"]
[SourceVersion "1"]
[SourceVersionDate "2024.03.06"]
[SourceQuality "1"]

1. e4 c6 2. d4 d5 3. e5 Bf5 4. Nf3 e6 5. Be2 Ne7 6. 0-0 c5 7. c4 Nbc6 8. Nc3 a6 9. Qa4 b5 10. cxb5 axb5 11. Qxb5 c4 12. b3 Ra5 13. Qb7 Ra7 14. Qb5 Ra5 15. Qb7 Ra7 16. Qb5 Ra5 1/2-1/2

[Event "ROM-chT Rapid"]
[Site "Sebes"]
[Date "2023.12.02"]
[Round "2.15"]
[White "Antal, Hunor Zoltan"]
[Black "Tamas, Christian Arrydan"]
[Result "1-0"]
[WhiteElo "2263"]
[BlackElo "1916"]
[PlyCount "63"]
[EventDate "2023.12.02"]
[EventType "team-swiss (rapid)"]
[EventRounds "8"]
[EventCountry "ROU"]
[SourceTitle "CB49_2023"]
[SourceDate "2023.12.06"]
[SourceVersion "1"]
[SourceVersionDate "2023.12.06"]
[SourceQuality "1"]
[WhiteTeam "Dinamo"]
[BlackTeam "Resita Muncitoresc"]
[WhiteTeamCountry "ROU"]
[BlackTeamCountry "ROU"]

1. c4 Nf6 2. Nc3 g6 3. d4 Bg7 4. Nf3 0-0 5. e4 d6 6. h3 e5 7. d5 a5 8. Bd3 Na6 9. 0-0 Nc5 10. Bc2 Bd7 11. Re1 Nh5 12. Be3 b6 13. a3 Nf4 14. Qd2 f5 15. b4 axb4 16. axb4 Rxa1 17. Rxa1 Nxe4 18. Nxe4 fxe4 19. Bxe4 g5 20. c5 bxc5 21. bxc5 g4 22. hxg4 Bxg4 23. cxd6 cxd6 24. Nh2 Bf5 25. Bxf5 Rxf5 26. Qc2 Rf8 27. Ra7 Qg5 28. Bxf4 Qxf4 29. Ra4 Qf5 30. Qd2 e4 31. Nf1 Be5 32. Qe2 1-0

[Event "Sebes GP op"]
[Site "Sebes"]
[Date "2023.11.05"]
[Round "8"]
[White "Antal, Hunor Zoltan"]
[Black "Manolache, Marius"]
[Result "1/2-1/2"]
[WhiteElo "2201"]
[BlackElo "2399"]
[PlyCount "44"]
[EventDate "2023.11.04"]
[EventType "swiss"]
[EventRounds "10"]
[EventCountry "ROU"]
[SourceTitle "CB46_2023"]
[SourceDate "2023.11.15"]
[SourceVersion "1"]
[SourceVersionDate "2023.11.15"]
[SourceQuality "1"]

1. c4 d6 2. Nc3 g6 3. d4 Bg7 4. e4 Nf6 5. Nf3 c6 6. h3 a6 7. Bd3 0-0 8. 0-0 b5 9. Be3 bxc4 10. Bxc4 d5 11. exd5 cxd5 12. Bb3 Nc6 13. Ne5 Na5 14. Bc2 Nc4 15. Nxc4 dxc4 16. Qe2 Rb8 17. Qxc4 Rxb2 18. Bb3 Be6 19. d5 Nxd5 20. Nxd5 Rxb3 21. axb3 Bxa1 22. Rxa1 Qxd5 1/2-1/2

[Event "ROM-chT"]
[Site "Eforie Nord"]
[Date "2023.09.21"]
[Round "1.6"]
[White "Doncea, Vladimir"]
[Black "Antal, Hunor Zoltan"]
[Result "1/2-1/2"]
[WhiteElo "2352"]
[BlackElo "2168"]
[PlyCount "120"]
[EventDate "2023.09.21"]
[EventType "team-tourn"]
[EventRounds "9"]
[EventCountry "ROU"]
[SourceTitle "EXT 2024"]
[Source "ChessBase"]
[SourceDate "2023.10.10"]
[SourceVersion "1"]
[SourceVersionDate "2023.10.10"]
[SourceQuality "1"]
[WhiteTeam "Craiova Oltenia"]
[BlackTeam "Timisoara Medicina"]
[WhiteTeamCountry "ROU"]
[BlackTeamCountry "ROU"]

1. Nf3 d5 2. g3 Nf6 3. Bg2 c6 4. 0-0 Bg4 5. Ne5 Bh5 6. c4 Nbd7 7. d4 e6 8. Nc3 Bd6 9. Bf4 Qb8 10. cxd5 exd5 11. Nxd7 Nxd7 12. Bxd6 Qxd6 13. Qb3 0-0 14. e4 dxe4 15. Nxe4 Qc7 16. Rfc1 Bg6 17. Nc5 Nxc5 18. Rxc5 Rad8 19. d5 Qb6 20. Rac1 Qxb3 21. axb3 cxd5 22. Rxd5 Rc8 23. Rdc5 Rxc5 24. Rxc5 b6 25. Rc7 Rd8 26. Bd5 h5 27. Bc4 a5 28. f4 Kh7 29. Rb7 Rd1+ 30. Kf2 Rd2+ 31. Ke3 Rxb2 32. Rxb6 Rxh2 33. Rb5 f6 34. Rxa5 Rg2 35. Kf3 Rb2 36. Rc5 Be8 37. Rc7 Bb5 38. Bd5 Be2+ 39. Ke3 Bg4 40. Be4+ Kh6 41. Bc2 Be6 42. Rc3 g5 43. Rc7 Bg8 44. fxg5+ Kxg5 45. Bd3 Kh6 46. Bc4 Bxc4 47. bxc4 Rb3+ 48. Kf4 Kg6 49. Rc8 Rc3 50. c5 Rc4+ 51. Ke3 Kf7 52. Kd3 Rg4 53. c6 Ke7 54. Rh8 Kd6 55. Rxh5 Rxg3+ 56. Ke4 Kxc6 57. Rh6 Rg4+ 58. Kf5 Rd4 59. Rxf6+ Rd6 60. Rxd6+ Kxd6 1/2-1/2

[Event "Brasov GP RO"]
[Site "Brasov"]
[Date "2023.07.17"]
[Round "3"]
[White "Antal, Hunor Zoltan"]
[Black "Petkov, Momchil"]
[Result "0-1"]
[WhiteElo "2210"]
[BlackElo "2513"]
[PlyCount "54"]
[EventDate "2023.07.16"]
[EventType "swiss"]
[EventRounds "9"]
[EventCountry "ROU"]
[SourceTitle "CBM 215 Extra"]
[Source "ChessBase"]
[SourceDate "2023.09.30"]
[SourceVersion "1"]
[SourceVersionDate "2023.09.30"]
[SourceQuality "1"]

1. e4 c5 2. Nf3 d6 3. d4 cxd4 4. Nxd4 Nf6 5. Nc3 Nc6 6. Bg5 Bd7 7. Qd2 a6 8. 0-0-0 e6 9. f3 Be7 10. h4 h6 11. Be3 h5 12. Bg5 Qc7 13. Kb1 Ne5 14. f4 Neg4 15. f5 e5 16. Nf3 Qc5 17. Bd3 b5 18. Nd5 Nxd5 19. exd5 f6 20. Rde1 fxg5 21. f6 gxf6 22. Bg6+ Kd8 23. hxg5 Kc7 24. Bxh5 fxg5 25. Nxg5 Bxg5 26. Qxg5 Rag8 27. Qe7 Ne3 0-1

[Event "Bucharest Grand Prix"]
[Site "Bucharest"]
[Date "2023.04.30"]
[Round "6"]
[White "Prraneeth, Vuppala"]
[Black "Antal, Hunor Zoltan"]
[Result "1-0"]
[WhiteElo "2437"]
[BlackElo "2207"]
[PlyCount "59"]
[EventDate "2023.04.29"]
[EventType "swiss (rapid)"]
[EventRounds "10"]
[EventCountry "ROU"]
[SourceTitle "CBM 213 Extra"]
[Source "ChessBase"]
[SourceDate "2023.05.31"]
[SourceVersion "1"]
[SourceVersionDate "2023.05.31"]
[SourceQuality "1"]

1. Nf3 d5 2. e3 Nf6 3. c4 e6 4. b3 dxc4 5. bxc4 c5 6. Bb2 Be7 7. Be2 0-0 8. d3 Nc6 9. 0-0 Qc7 10. Nc3 Rd8 11. Rc1 b6 12. h3 Bb7 13. Qc2 Rac8 14. Rfd1 Qb8 15. a3 h6 16. Nd2 Bf8 17. Nce4 Nxe4 18. Nxe4 Ne7 19. Ng3 Qa8 20. Bf1 Ng6 21. Nh5 Nh4 22. e4 Rd7 23. Qc3 f5 24. f3 Rcd8 25. Qe1 Ng6 26. exf5 exf5 27. Qe6+ Kh7 28. Qxf5 Bd6 29. d4 cxd4 30. Bd3 1-0

[Event "ROM-ch"]
[Site "Sebes"]
[Date "2023.02.25"]
[Round "8"]
[White "Mazilu, Stefan Fabian"]
[Black "Antal, Hunor Zoltan"]
[Result "1/2-1/2"]
[WhiteElo "1861"]
[BlackElo "2230"]
[PlyCount "69"]
[EventDate "2023.02.19"]
[EventType "swiss"]
[EventRounds "9"]
[EventCountry "ROU"]
[SourceTitle "CBM 212 Extra"]
[Source "ChessBase"]
[SourceDate "2023.03.31"]
[SourceVersion "1"]
[SourceVersionDate "2023.03.31"]
[SourceQuality "1"]

1. d4 Nf6 2. Nf3 c5 3. d5 e6 4. Nc3 d6 5. e4 Be7 6. Bb5+ Nfd7 7. e5 dxe5 8. dxe6 fxe6 9. Nxe5 0-0 10. Nxd7 Nxd7 11. 0-0 a6 12. Bd3 Nf6 13. Ne2 b5 14. c4 Bd6 15. Ng3 Ra7 16. Qe2 b4 17. b3 Re7 18. Bb2 Qc7 19. Rfe1 Bb7 20. Rad1 Qc6 21. Ne4 Nxe4 22. Qxe4 Qxe4 23. Bxe4 Bxe4 24. Rxe4 Rd8 25. Kf1 Bc7 26. Rxd8+ Bxd8 27. Ke2 Bc7 28. f4 Kf7 29. g3 Rd7 30. Re3 h5 31. Be5 g6 32. h3 a5 33. Bxc7 Rxc7 34. Re5 Kf6 35. Ke3 1/2-1/2

[Event "ROM-ch"]
[Site "Sebes"]
[Date "2023.02.24"]
[Round "7"]
[White "Antal, Hunor Zoltan"]
[Black "Antonica, Dragos Andrei"]
[Result "0-1"]
[WhiteElo "2230"]
[BlackElo "2366"]
[PlyCount "76"]
[EventDate "2023.02.19"]
[EventType "swiss"]
[EventRounds "9"]
[EventCountry "ROU"]
[SourceTitle "CBM 212 Extra"]
[Source "ChessBase"]
[SourceDate "2023.03.31"]
[SourceVersion "1"]
[SourceVersionDate "2023.03.31"]
[SourceQuality "1"]

1. e4 e6 2. d4 d5 3. Nc3 Nf6 4. Bg5 Bb4 5. e5 h6 6. exf6 hxg5 7. fxg7 Rg8 8. a3 Be7 9. Qh5 Rxg7 10. 0-0-0 Nd7 11. Nxd5 exd5 12. Qh8+ Bf8 13. Re1+ Ne5 14. Rxe5+ Be6 15. h4 Qf6 16. hxg5 Qf4+ 17. Kb1 Qxd4 18. Bb5+ c6 19. Nf3 Qb6 20. Bd3 0-0-0 21. Re2 d4 22. Rxe6 fxe6 23. b3 Qa5 24. Nxd4 Qe5 25. Nf3 Qc3 26. Qh6 Bxa3 27. Qxe6+ Rgd7 28. Qe5 Rxd3 29. cxd3 Qxb3+ 30. Ka1 Bb4 31. Qf5+ Kc7 32. Qe5+ Kb6 33. Rc1 Rd5 34. Qb2 Ra5+ 35. Kb1 Qxb2+ 36. Kxb2 Ba3+ 37. Kb1 Rb5+ 38. Kc2 Rc5+ 0-1

[Event "ROM-ch"]
[Site "Sebes"]
[Date "2023.02.21"]
[Round "4"]
[White "Lupulescu, Constantin"]
[Black "Antal, Hunor Zoltan"]
[Result "1-0"]
[WhiteElo "2592"]
[BlackElo "2230"]
[PlyCount "83"]
[EventDate "2023.02.19"]
[EventType "swiss"]
[EventRounds "9"]
[EventCountry "ROU"]
[SourceTitle "CBM 212 Extra"]
[Source "ChessBase"]
[SourceDate "2023.03.31"]
[SourceVersion "1"]
[SourceVersionDate "2023.03.31"]
[SourceQuality "1"]

1. e4 c5 2. Nf3 d6 3. d4 cxd4 4. Nxd4 Nf6 5. Nc3 a6 6. Be2 e5 7. Nb3 Be6 8. f4 exf4 9. Bxf4 Nc6 10. Qd2 Qc7 11. 0-0-0 Ne5 12. Nd4 Rc8 13. Kb1 b5 14. Nd5 Nxd5 15. exd5 Bxd5 16. Rhe1 Be7 17. Nf5 Be4 18. Bxb5+ axb5 19. Rxe4 0-0 20. Nxe7+ Qxe7 21. Qxd6 Qxd6 22. Rxd6 Nc4 23. Rd5 f5 24. Re7 Rfd8 25. Rxd8+ Rxd8 26. Kc1 Rd4 27. g3 Kf8 28. Re2 Kf7 29. b3 Nb6 30. Bc7 Nd5 31. Be5 Rg4 32. Kd2 h5 33. h3 Rg6 34. c4 bxc4 35. bxc4 Nb6 36. Kd3 Rc6 37. Rc2 g5 38. c5 Nd7 39. Bd4 Ke6 40. Kc4 Nb6+ 41. Kb5 Kd5 42. Bf2 1-0

[Event "ROM-chT"]
[Site "Oradea"]
[Date "2022.09.21"]
[Round "1.3"]
[White "Berescu, Alin Mile"]
[Black "Antal, Hunor Zoltan"]
[Result "1/2-1/2"]
[WhiteElo "2440"]
[BlackElo "2235"]
[PlyCount "37"]
[EventDate "2022.09.21"]
[EventType "team-tourn"]
[EventRounds "9"]
[EventCountry "ROU"]
[SourceTitle "EXT 2024"]
[Source "ChessBase"]
[SourceDate "2023.10.10"]
[SourceVersion "1"]
[SourceVersionDate "2023.10.10"]
[SourceQuality "1"]
[WhiteTeam "Arad Vados"]
[BlackTeam "Timisoara Medicina"]
[WhiteTeamCountry "ROU"]
[BlackTeamCountry "ROU"]

1. e4 c5 2. Nf3 d6 3. d4 cxd4 4. Nxd4 Nf6 5. Nc3 a6 6. Be3 e5 7. Nb3 Be6 8. h3 Be7 9. Qf3 0-0 10. 0-0-0 a5 11. Bb5 Na6 12. Kb1 Nc7 13. Bb6 Qb8 14. Bxc7 Qxc7 15. a3 Rfc8 16. Qe3 a4 17. Nc1 Qa5 18. N1e2 Rd8 19. f4 1/2-1/2

[Event "Poiana Brasov op"]
[Site "Poiana Brasov"]
[Date "2022.07.26"]
[Round "4"]
[White "Antal, Hunor Zoltan"]
[Black "Radu, David Cr"]
[Result "0-1"]
[WhiteElo "2263"]
[BlackElo "2091"]
[PlyCount "86"]
[EventDate "2022.07.24"]
[EventType "swiss"]
[EventRounds "9"]
[EventCountry "ROU"]
[SourceTitle "EXT 2023"]
[Source "ChessBase"]
[SourceDate "2022.10.05"]
[SourceVersion "1"]
[SourceVersionDate "2022.10.05"]
[SourceQuality "1"]

1. Nf3 d5 2. e3 Nf6 3. c4 e6 4. b3 b6 5. Bb2 Bb7 6. Nc3 a6 7. d4 Bd6 8. Bd3 0-0 9. 0-0 Nbd7 10. Rc1 Ne4 11. Ne2 Qe7 12. Ng3 f5 13. Ne5 Nxe5 14. dxe5 Bc5 15. Qe2 f4 16. exf4 Nxf2 17. Rxf2 Rxf4 18. Rcf1 Raf8 19. Nh1 Qg5 20. b4 Bxf2+ 21. Rxf2 dxc4 22. Rxf4 Rxf4 23. Bc2 Rf3 24. Ng3 Rf7 25. Ne4 Qf4 26. g3 Qh6 27. h4 Bxe4 28. Bxe4 b5 29. Kg2 Rd7 30. Bc3 Qc1 31. Qh5 g6 32. Qg4 Qxc3 33. Qxe6+ Rf7 34. Qe8+ Kg7 35. e6 Qd2+ 36. Kh3 Rf2 37. Qe7+ Kh6 38. Qxc7 Rh2+ 39. Kg4 Qe2+ 40. Kf4 Rxh4+ 41. Ke5 Rxe4+ 42. Kf6 Rxe6+ 43. Kf7 Re7+ 0-1

[Event "EU-chT U18"]
[Site "Thessaloniki"]
[Date "2022.07.17"]
[Round "6.6"]
[White "Antal, Hunor Zoltan"]
[Black "Dias, Savin"]
[Result "1-0"]
[WhiteElo "2263"]
[BlackElo "1894"]
[PlyCount "95"]
[EventDate "2022.07.12"]
[EventType "team-swiss"]
[EventRounds "7"]
[EventCountry "GRE"]
[SourceTitle "CBM 209 Extra"]
[Source "ChessBase"]
[SourceDate "2022.09.30"]
[SourceVersion "1"]
[SourceVersionDate "2022.09.30"]
[SourceQuality "1"]
[WhiteTeam "Romania U18"]
[BlackTeam "England U18"]
[WhiteTeamCountry "ROU"]
[BlackTeamCountry "ENG"]

1. e4 c5 2. Nf3 g6 3. d4 cxd4 4. Nxd4 Nc6 5. c4 Nf6 6. Nc3 Nxd4 7. Qxd4 Bg7 8. Be3 0-0 9. Qd2 d6 10. f3 Bd7 11. Rc1 a5 12. b3 Bc6 13. Be2 Nd7 14. 0-0 Nc5 15. Rfd1 Qb6 16. Bf1 a4 17. b4 Qxb4 18. Nd5 Qxd2 19. Nxe7+ Kh8 20. Rxd2 Be5 21. f4 Nxe4 22. fxe5 Nxd2 23. Bxd2 dxe5 24. Bb4 Rfe8 25. Bd6 f6 26. c5 Kg7 27. Rb1 Be4 28. Rb4 f5 29. Bb5 Kf6 30. Bxe8 Rxe8 31. Rxa4 Rxe7 32. Bxe7+ Kxe7 33. Rb4 Ke6 34. g4 Kd7 35. gxf5 gxf5 36. Rb6 Bc6 37. Rb3 Be4 38. Rh3 f4 39. Rh6 Bg6 40. h4 Bf5 41. a4 f3 42. Kf2 e4 43. h5 Kd8 44. a5 Kd7 45. Ke3 Ke7 46. c6 bxc6 47. a6 Bc8 48. a7 1-0

[Event "Targu Mures op-A"]
[Site "Targu Mures"]
[Date "2022.06.08"]
[Round "6"]
[White "Antal, Hunor Zoltan"]
[Black "Samani, Yamac"]
[Result "1/2-1/2"]
[WhiteElo "2223"]
[BlackElo "2336"]
[PlyCount "60"]
[EventDate "2022.06.04"]
[EventType "swiss"]
[EventRounds "9"]
[EventCountry "ROU"]
[SourceTitle "CBM 208 Extra"]
[Source "ChessBase"]
[SourceDate "2022.07.31"]
[SourceVersion "1"]
[SourceVersionDate "2022.07.31"]
[SourceQuality "1"]

1. e4 c5 2. Nf3 e6 3. d4 cxd4 4. Nxd4 Nf6 5. Nc3 Nc6 6. Nxc6 bxc6 7. e5 Nd5 8. Ne4 Qc7 9. f4 Qb6 10. c4 Bb4+ 11. Ke2 f5 12. Ng5 h6 13. Nh3 Nc7 14. Qb3 Bc5 15. Qxb6 axb6 16. Be3 Bxe3 17. Kxe3 b5 18. Nf2 bxc4 19. Bxc4 Ba6 20. Bb3 g5 21. g3 Ke7 22. Rhd1 Rhb8 23. Rd2 Rb4 24. Rad1 Nd5+ 25. Bxd5 cxd5 26. Rc2 gxf4+ 27. gxf4 Rg8 28. Rd4 Rb6 29. Nd3 Bxd3 30. Kxd3 Rg1 1/2-1/2

[Event "Targu Mures op-A"]
[Site "Targu Mures"]
[Date "2022.06.07"]
[Round "5"]
[White "Lehaci, Miruna Daria"]
[Black "Antal, Hunor Zoltan"]
[Result "0-1"]
[WhiteElo "2163"]
[BlackElo "2223"]
[PlyCount "140"]
[EventDate "2022.06.04"]
[EventType "swiss"]
[EventRounds "9"]
[EventCountry "ROU"]
[SourceTitle "CBM 208 Extra"]
[Source "ChessBase"]
[SourceDate "2022.07.31"]
[SourceVersion "1"]
[SourceVersionDate "2022.07.31"]
[SourceQuality "1"]

1. e4 e6 2. d4 d5 3. Nc3 Bb4 4. e5 c5 5. a3 Bxc3+ 6. bxc3 Qa5 7. Bd2 Qa4 8. h4 Nc6 9. h5 h6 10. Nf3 c4 11. Rh4 Nge7 12. Rf4 Bd7 13. g3 Rf8 14. Bh3 0-0-0 15. Kf1 Kb8 16. Kg2 Ka8 17. Qc1 f6 18. exf6 gxf6 19. Rh4 Ng8 20. Ra2 Qa5 21. a4 Rf7 22. Bf4 Re8 23. Ra3 Rh7 24. Qd2 Qd8 25. Be3 e5 26. Bxd7 Qxd7 27. Ra1 Nge7 28. dxe5 Nf5 29. Rhh1 fxe5 30. Rad1 Rd8 31. Bc5 Rg7 32. Nh4 b6 33. Nxf5 Qxf5 34. Qxh6 Rc7 35. Be3 Qe4+ 36. Kh2 Qxc2 37. Rc1 Qf5 38. Kg1 Kb7 39. Qg5 Qf3 40. h6 Rh7 41. Qg6 Rdd7 42. Rh4 Rdf7 43. a5 Nxa5 44. Qd6 Nc6 45. Ra1 Rd7 46. Qa3 Qf6 47. Qa6+ Kc7 48. Qb5 Kb7 49. Qa6+ Kb8 50. Rb1 Rb7 51. Qb5 Qe6 52. Rd1 Ne7 53. Bg5 Rd7 54. Bxe7 Rhxe7 55. Re1 e4 56. Rh5 Rh7 57. f4 Qg6 58. Rg5 Qxh6 59. Kf2 Rhg7 60. Rg1 Qd6 61. Rxg7 Rxg7 62. Ke2 Rh7 63. Rg2 Qe6 64. Ke3 Qg4 65. Kd4 Qd1+ 66. Ke5 Qh5+ 67. Kd4 Re7 68. Qb4 Qd1+ 69. Ke3 Qf3+ 70. Kd4 Qd3# 0-1

[Event "ROM-ch U18"]
[Site "Eforie Nord"]
[Date "2022.04.18"]
[Round "9"]
[White "Antal, Hunor Zoltan"]
[Black "Mazilu, Stefan Fabian"]
[Result "1-0"]
[WhiteElo "2155"]
[BlackElo "1959"]
[PlyCount "73"]
[EventDate "2022.04.11"]
[EventType "swiss"]
[EventRounds "9"]
[EventCountry "ROU"]
[SourceTitle "EXT 2023"]
[Source "ChessBase"]
[SourceDate "2022.10.05"]
[SourceVersion "1"]
[SourceVersionDate "2022.10.05"]
[SourceQuality "1"]

1. e4 e5 2. Nf3 Nc6 3. Bb5 a6 4. Ba4 Nf6 5. d3 b5 6. Bb3 Bc5 7. Nc3 h6 8. 0-0 d6 9. Be3 Bxe3 10. fxe3 Na5 11. Ne2 Nxb3 12. axb3 0-0 13. Ng3 Re8 14. Qe1 c6 15. Nh4 g6 16. h3 Nh7 17. Nf3 Ng5 18. Qf2 Ra7 19. d4 Qf6 20. Qd2 Qe7 21. Kh2 h5 22. Nxg5 Qxg5 23. d5 h4 24. Ne2 c5 25. b4 c4 26. Rf3 Kg7 27. Nc3 Rae7 28. Raf1 f5 29. Qf2 Rf7 30. exf5 Rxf5 31. Ne4 Qe7 32. g4 hxg3+ 33. Qxg3 Ref8 34. Rxf5 Bxf5 35. Ng5 Bd7 36. Qh4 Rh8 37. Ne6+ 1-0